| 000 | 01567nac a22002771u 4500 | ||
|---|---|---|---|
| 008 | 150901b xxu||||| |||| 00| 0 eng d | ||
| 010 | _a 2007010455 | ||
| 035 | _a(OCoLC)ocm86109860 | ||
| 035 | _a(OCoLC)86109860 | ||
| 082 | 0 | 0 |
_a332.632201 _bSTO |
| 100 | _a20080729 | ||
| 245 | 1 | 4 | _aStock Investor : CD / |
| 260 |
_aNew York : _bAAII/American Association of Individual Investors,1997. _cc1997. |
||
| 300 | _a1 CD-ROM (4 3/4 in.). | ||
| 500 | _aAudiovisuals. | ||
| 500 | _aDistributer: Baccah. | ||
| 505 | 0 | _aIntroduction : The basic dollars and cents problem : overcoming the numbers -- Rates of return on investment : what goes in, what comes out -- Returns on capital : putting cash to work -- Leverage and risk analysis : maximizing other people's money -- Long-term trends : patience rewarded -- Core earnings and net worth adjustments : making the numbers real -- Fundamentals : balance sheet tests you need to know -- Fundamentals : operating statement tests you need to know -- Technicals : price and volume calculations -- Combined testing : merging price and financial tests -- Taxation of investments : Uncle Sam's share. | |
| 511 | _aCatalogued by: Sara. | ||
| 650 | 0 |
_aInvestments. _xMathematics. _2BUEsh |
|
| 650 | 0 |
_aInvestment analysis. _xMathematics. _2BUEsh _93424 |
|
| 650 | 0 |
_aBusiness mathematics. _2BUEsh |
|
| 651 | _2BUEsh | ||
| 710 | _aAmerican Association Individual Investors. | ||
| 856 | 4 | 1 |
_3Table of contents only _uhttp://www.loc.gov/catdir/toc/ecip0713/2007010455.html |
| 942 |
_cCDB _k332.632201STO _2ddc |
||
| 999 |
_c9932 _d9932 |
||